All the Geography I know by Letter-Q - Statistics

General Stats
  • This quiz has been taken 41 times
    38 since last reset
  • The average score is 4 of 5
Answer Stats
Hint Answer % Correct
Region of Australia Queensland
97%
Region of Canada Quebec
93%
Capital of that region Quebec City
93%
City in China Qingdao
47%
City in Iran Qom
43%
No matching quizzes found
Score Distribution
Percent of People with Each Score
Percentile by Number Answered
Your Score History
You have not taken this quiz since the last reset